000 00503nam a2200193Ia 4500
003 OSt
005 20221007082824.0
006 a|||||r|||| 00| 0
007 ta
008 221006b |||||||| |||| 00| 0 eng d
024 _a29,463
037 _cDissertations
040 _aFLL
_cFLL
_beng
041 _2eng
_aeng
100 _aLakhera Preeti
_9699564
245 0 _aCyber crimes in India and the legal regime to combat it
942 _cDIS
_2CC
999 _c1167856
_d1167856